000
00311nam a22001337a 4500
008
181102b xxu||||| |||| 00| 0 eng d
020
_a
0070424136
041
_a
eng
080
_2
2nd
_a
101
100
_a
24
101
_a
FIL
245
_a
Philosophy Paradox and Discovery
_c
Minton,A.J
942
_2
udc
_c
BK
999
_c
51742
_d
51742